Statistics for PROVINCES OF THE PHILIPPINES LETTER C

Click here to take the quiz!

General Stats

  • This quiz has been taken 467 times
  • The average score is 6 of 10

Answer Stats

HintAnswer% Correct
CAVITE
81%
CEBU
77%
CAGAYAN
76%
CAMARINES SUR
75%
CAMARINES NORTE
73%
CATANDUANES
67%
CAPIZ
55%
CAMIGUIN
47%
COMPOSTELA VALLEY
23%
COTOBATO
7%

Score Distribution

Percentile by Number Answered

Percent of People with Each Score

Your Score History

You have not taken this quiz